000 00381nam a2200145 u 4500
001 000020367
005 20200929170403.0
008 100813s1989 000 0 spa d
040 _aDO-SdBNP
_bspa
_cBNPHU
082 _axxx
_bxxxx
245 1 0 _aAna Frank, diario.
246 1 4 _aDiario de Ana Frank
260 _aSanto Domingo, :
_bAlfa y Omega,
_c1989.
300 _a314 p. ;
_c19 cm.
999 _c19871
_d19871